000 00581nam a2200229Ia 4500
003 OSt
005 20220918175627.0
006 a|||||r|||| 00| 0
007 ta
008 220917b |||||||| |||| 00| 0 eng d
024 _a18,274
037 _cTextual
040 _aARTS
_cARTS
_beng
041 _2eng
_aeng
082 _aO111,1M78x, K0
100 _aTrace Granville
_954574
245 0 _aFans of Tookshaw and others
260 _c1960
650 _aENGLISH LITERATURE
942 _hO111,1M78x, K0
_cTEXL
_2CC
999 _c158402
_d158402